000 00301nam a2200133 i 4500
001 bg
100 1 _aSIKORSKI, W.
245 0 _aProgramy użytkowe Nortona /
_cW. Sikorski.
260 _aWarszawa,
_c1989.
040 _cBPK
041 _apol
942 _cKS
008 s pl f |000 0 pol
999 _c4106
_d4106
856 _uhttp://koha.tu.koszalin.pl/cgi-bin/koha/opac-detail.pl?biblionumber=4106
_yKatalog online BPK